Kontrolní systémy veřejné správy a veřejného sektoru
Salvato in:
| Autore principale: | |
|---|---|
| Ente Autore: | |
| Altri autori: | |
| Natura: | Libro |
| Lingua: | ceco |
| Pubblicazione: |
Praha
EKOPRESS
2003
|
| Soggetti: | |
| Tags: |
Nessun Tag, puoi essere il primo ad aggiungerne!!
|
MARC
| LEADER | 00000nam$a2200000$$$4500 | ||
|---|---|---|---|
| 001 | 0007564 | ||
| 005 | 20240226134132.2 | ||
| 020 | |a 80-86119-72-6 | ||
| 041 | 0 | |a cze | |
| 044 | |a CZ | ||
| 245 | 1 | 0 | |a Kontrolní systémy veřejné správy a veřejného sektoru |c Jaroslav Rektořík, Jan Šelešovský a kolektiv |
| 264 | 1 | |a Praha |b EKOPRESS |c 2003 | |
| 300 | |a 212 s. | ||
| 610 | 2 | 0 | |a kontrola |
| 610 | 2 | 0 | |a správa verejná |
| 610 | 2 | 0 | |a sektor verejný |
| 610 | 2 | 0 | |a riadenie |
| 610 | 2 | 0 | |a kontrola štátna |
| 610 | 2 | 0 | |a kontrola verejná |
| 610 | 2 | 0 | |a kontrola finančná |
| 610 | 2 | 0 | |a porovnanie medzinárodné |
| 610 | 2 | 0 | |a systém riadenia kvality |
| 610 | 2 | 0 | |a audit |
| 610 | 2 | 0 | |a korupcia |
| 610 | 2 | 0 | |a etika |
| 610 | 2 | 0 | |a formy kontroly |
| 610 | 2 | 0 | |a sústava kontrolná |
| 100 | 1 | |a Rektořík, Jaroslav | |
| 700 | 1 | |a Šelešovský, Jan | |
| 710 | 2 | |a Masarykova univerzita v Brně. Ekonomicko-správní fakulta | |